Vista normal
Vista MARC
Entrada Personal Name
Número de registros utilizados en: 1
001 - CONTROL NUMBER
- control field: 16758
003 - CONTROL NUMBER IDENTIFIER
- control field: DLC
005 - DATE AND TIME OF LATEST TRANSACTION
- control field: 20250217161333.0
008 - FIXED-LENGTH DATA ELEMENTS
- fixed length control field: 811211n| acannaabn |a aaa
010 ## - LIBRARY OF CONGRESS CONTROL NUMBER
- LC control number: n 81141379
035 ## - SYSTEM CONTROL NUMBER
- System control number: (OCoLC)oca00686187
040 ## - CATALOGING SOURCE
- Original cataloging agency: DLC
- Language of cataloging: spa
- Transcribing agency: Mx-PuUPA
- Modifying agency: DLC
- Modifying agency: IEN
- Modifying agency: DLC
- Modifying agency: Mx-PuUPA
- Description conventions: rda
046 ## - SPECIAL CODED DATES
- Birth date: 1926
- Source of date scheme: edtf
100 1# - HEADING--PERSONAL NAME
- Personal name: Chonchol, Jacques,
- Dates associated with a name: 1926-
370 ## - ASSOCIATED PLACE
- Other associated place: Santiago (Chile)
- Source of term: naf
370 ## - ASSOCIATED PLACE
- Other associated place: Paris (Francia)
- Source of term: naf
373 ## - ASSOCIATED GROUP
- Associated group: Chile. Ministerio de Agricultura
- Source of term: naf
373 ## - ASSOCIATED GROUP
- Associated group: Universidad de París III, Instituto de Estudios Avanzados de América Latina
- Source of term: naf
373 ## - ASSOCIATED GROUP
- Associated group: Universidad Católica de Chile, Centro de Estudios de la Realidad Nacional
- Source of term: naf
374 ## - OCCUPATION
- Occupation: Ingeniero agricultor
- Occupation: Profesor
- Occupation: Gerente del gobierno
- Occupation: Autor
375 ## - GENDER
- Gender: hombre
- Source of term: lcdgt
377 ## - ASSOCIATED LANGUAGE
- Language code: fre
- Language code: spa
400 1# - SEE FROM TRACING--PERSONAL NAME
- Personal name: Chonchol, J.
- Fuller form of name: (Jacques)
- Dates associated with a name: 1926-
670 ## - SOURCE DATA FOUND
- Source citation: His El desarrollo de América Latina y la reforma agraria, 1964:
- Information found: (published by Editorial del Pacífico)
670 ## - SOURCE DATA FOUND
- Source citation: His Le défi alimentaire, c1987:
- Information found: t.p. (Jacques Chonchol) spine (J. Chonchol) p. 4 cover (agricultural engineer; former minister of agriculture, Chile; currently director, Institut des hautes études de l'Am. latine, Univ. de Paris III)
670 ## - SOURCE DATA FOUND
- Source citation: Info. converted from 678, 2012-10-02
- Information found: (b. 1926)
670 ## - SOURCE DATA FOUND
- Source citation: Universidad de Chile, Instituto de Geografía website, May 30, 2019:
- Information found: posted June 11, 2018 (Jacques Chonchol Chait; former director of the Departamento de Economía Agraria-Ministerio de Agricultura de Chile (1953-1954), Ministro de Agricultura of former president Salvador Allende (1970 y 1972), director del Ceren (Centro de Estudios de la Realidad Nacional de la Universidad Católica), and director of the Institut des hautes études de l'Amérique latine)
- Uniform Resource Identifier: http://geografia.uc.cl/Noticias/jacques-chonchol-expuso-sobre-la-reforma-agraria-en-dialogos-con-la-geografia.html?server=1
670 ## - SOURCE DATA FOUND
- Source citation: LOM Ediciones website, May 30, 2019:
- Information found: (Jacques Chonchol; born 1926; author of Spanish translation of Le défi alimentaire)
670 ## - SOURCE DATA FOUND
- Source citation: La tierra y el poder, 2001:
- Information found: page 46, etc. (Jacques Chonchol; Ministro de Agricultura of former president Salvador Allende; author of several works including El desarrollo de América Latina y la reforma agraria)
- Uniform Resource Identifier: http://www.memoriachilena.gob.cl/archivos2/pdfs/MC0023357.pdf